00483nam a2200157 a 450000500170000000800410001705000250005810000170008324500850010026000470018530000210023252100100025365000240026365000200028765000180030720140310183214.0030421s19uu xx 00 eng d aBF 176 b.Ai485 1998 aAiken, Lewis aTests and examinations :bmeasuring abilities and performance /cLewis R. Aiken. aCanada :bJohn Wiley and Sons Inc.,c1998. a293 p. :c24 cm. aPSYCH aPsychological Tests aAbility Testing aPsychometrics